书目信息 |
| 题名: |
飞马的占卜
|
|
| 作者: | 布鲁诺 著 ;梁禾 译 | |
| 分册: | ||
| 出版信息: | 北京 东方出版社 2005 |
|
| 页数: | 129页 | |
| 开本: | 21cm | |
| 丛书名: | ||
| 单 册: | ||
| 中图分类: | B503.923 | |
| 科图分类: | ||
| 主题词: | 哲学思想--研究--意大利--中世纪 | |
| 电子资源: | ||
| ISBN: | 7-5060-2133-1 | |
| 000 | 01536nam0 2200301 45 | |
| 001 | 060000033900 | |
| 005 | 20060105083936.37 | |
| 010 | @a7-5060-2133-1@dCNY15.00 | |
| 092 | @aCN | |
| 100 | @a20050623d2005 ekmy0chiy0120 ea | |
| 101 | 1 | @achi@cita |
| 102 | @aCN@b110000 | |
| 105 | @aa z 000yy | |
| 200 | 1 | @a飞马的占卜@9fei ma de zhan bu@e布鲁诺的哲学对话@f(意)乔尔达诺·诺拉诺·布鲁诺著@F(yi)qiao er da nuo·nuo la nuo·bu lu nuo zhu@g梁禾译 |
| 210 | @a北京@c东方出版社@d2005 | |
| 215 | @a129页@c图@d21cm | |
| 314 | @a乔尔达诺·诺拉诺·布鲁诺,文艺复兴时期意大利哲学家,年轻时曾加入多明我教会,因具有“异湍”思想,被迫流亡国外,1592年返回意大利,随即被逮捕,关押8年后被烧死在罗马的鲜花广场上。主要著作有《论原因、本原和太一》、《论无限、宇宙和众多世界、》《驱逐趾高气扬的野兽》、《飞马的占卜》等。 | |
| 314 | @a梁禾,先后获北京外国语学院意大利语学士,纽约大学意大利文学硕士,北卡洛莱纳大学意大利文学博士。现任教于美国加州戴维斯大学东亚语言文化系,是美国翻译家协会会员,美国现代语学会会员,意大利布鲁诺国际研究中心成员,近斯主要译著有:《论家庭》、《举烛人》和《间谍王》 | |
| 330 | @a本书包括乔尔达诺·诺拉诺·布鲁诺的献词,诗歌,宣言,抒情诗等多种体裁的文章 | |
| 517 | 1 | @a布鲁诺的哲学对话@9bu lu nuo de zhe xue dui hua |
| 600 | 1 | @a布鲁诺@b乔尔达诺·诺拉诺@f1548~1600@x哲学思想@x研究 |
| 606 | 0 | @a哲学思想@x研究@y意大利@z中世纪 |
| 690 | @aB503.923@v4 | |
| 701 | 0 | @a布鲁诺@Abu lu nuo@4著 |
| 702 | 0 | @a梁禾@9liang he@4译 |
| 801 | 0 | @aCN@bCXYBOOK@c20060105 |
| 905 | @a10447@dB503.923@e51 | |
| 999 | @aWJ@eDF | |
| 飞马的占卜:布鲁诺的哲学对话/(意)乔尔达诺·诺拉诺·布鲁诺著/梁禾译.-北京:东方出版社,2005 |
| 129页:图;21cm |
| ISBN 7-5060-2133-1:CNY15.00 |
| 本书包括乔尔达诺·诺拉诺·布鲁诺的献词,诗歌,宣言,抒情诗等多种体裁的文章 |
| ● |
| 相关链接 |
|
|
|
|
正题名:飞马的占卜
索取号:B503.923/51
 
预约/预借
| 序号 | 登录号 | 条形码 | 馆藏地/架位号 | 状态 | 备注 |
| 1 | 0373683 | 203736831 | 第一样本阅览室/ [索取号:B503.923/51] | 在馆 | |
| 2 | 0373684 | 203736840 | 第一借阅区/ [索取号:B503.923/51] | 在馆 | |
| 3 | 0373685 | 203736859 | 第一借阅区/ [索取号:B503.923/51] | 在馆 | |
| 4 | 0373686 | 203736868 | 第一借阅区/ [索取号:B503.923/51] | 在馆 | |
| 5 | 0373687 | 203736877 | 第一借阅区/ [索取号:B503.923/51] | 在馆 |